Größten, kreisfreien Städte Deutschlands - Statistiken

Allgemein
  • Dieses Quiz wurde 84 mal gespielt
  • Das Durchschnittsergebnis liegt bei 18 aus 20
Antwortstatistiken
Einwohnerzahl Bundesland Stadt % Korrekt
1.512.491 Bayern München
99%
773.068 Hessen Frankfurt am Main
98%
632.865 Baden-Württemberg Stuttgart
98%
593.317 Nordrhein-Westfalen Dortmund
96%
563.311 Sachsen Dresden
96%
1.084.831 Nordrhein-Westfalen Köln
96%
629.047 Nordrhein-Westfalen Düsseldorf
95%
616.093 Sachsen Leipzig
95%
523.036 Bayern Nürnberg
94%
584.580 Nordrhein-Westfalen Essen
93%
301.033 Bayern Augsburg
90%
365.742 Nordrhein-Westfalen Bochum
90%
336.465 Nordrhein-Westfalen Bonn
89%
283.083 Hessen Wiesbaden
89%
502.211 Nordrhein-Westfalen Duisburg
88%
308.707 Baden-Württemberg Karlsruhe
88%
315.554 Baden-Württemberg Mannheim
85%
358.876 Nordrhein-Westfalen Wuppertal
80%
338.332 Nordrhein-Westfalen Bielefeld
79%
320.946 Nordrhein-Westfalen Münster
76%
Keine übereinstimmenden Quizze gefunden
Verteilung der Resultate
Anzahl Personen mit jedem Resultat
Perzentil nach korrekt beantworteten Fragen
Ihre Resultats-Entwicklung
Sie haben dieses Quiz noch nicht gespielt